00914nam a2200193 a 450000100100000000500170001000800410002704000250006808200190009310000250011224500930013726000350023030000280026570000380029395201320033195201170046395201230058099900170070300004470920201002045552.0150107s2004 dr a 000 0 spa d aDO-SdBNPbspacBNPHU axxxxxxbxxxxxx1 aBeca, Ricardo97270810aCívica y Ética para jovenes y Asociados /cRicardo Beca ; prólogo Nomec Ued Otrem. a[s. l.], :b[s. n.],c[s. f.]. a115 p. :bil. ;c21 cm.1 aUed Otrem, Momec,epról.972709 001054708DSaGRbGRcHDd2015-01-07iLF1l0oxxxxxx xxxxxxp44709-30r2020-06-25te. 3w2020-06-25yLFDSZPréstamo en sala 0010718PDaPDbPDcHDd2015-01-07iLF1l0oxxxxxx xxxxxxp44709-10r2020-06-25w2020-06-25yLFPDZNo se presta 0010718PDaPDbPDcHDd2015-01-07iLF1l0oxxxxxx xxxxxxp44709-20r2020-06-25te. 2w2020-06-25yLFPDZNo se presta c44198d44198